000 01140cam a2200253 a 4500
001 1216002
003 GBCCL
005 20251127141100.0
008 990323s1997 tnuab 001 0 eng
040 _aDLC
_cDLC
_dDLC
082 0 0 _a220.5208
_221
_bBIB
245 1 4 _aThe Holy Bible containing the Old and New Testament , the New King James Version :
_bThe Open Bible
250 _aexpanded edition
260 _aNashville :
_bThomas Nelson Publishers,
_cc1985.
300 _a325, 1404, 64 p. :
_bill., maps (some col.) ;
_c24 cm.
500 _a" with read-along references and read-along translations, biblical cyclopedic index, including 300 word studies, the Christian's guide to the new life, book introductions and outlines, visual survey of the Bible, special study aids".
500 _aIncludes index.
630 0 0 _aBible
_xReference editions.
_91669
710 2 _aThomas Nelson Publishers.
_91670
856 4 2 _3Publisher description
_uhttp://www.loc.gov/catdir/enhancements/fy0609/99187555-d.html
906 _a7
_bcbc
_corignew
_d2
_encip
_f19
_gy-gencatlg
942 _2ddc
_cREF
999 _c1003
_d1003